000 02060nam1a2200265 i 4500
001 RU\NLR\BIBL_A\010949761
005 20241104065232.0
035 _a(NLR Aleph) 010949761
090 _a10776437
_c10776437
100 _a20151210g20149999km y0rusy50 ca
101 0 _arus
102 _aRU
105 _a||||z |||||
200 1 _aАктуальные проблемы развития вертикальной интеграции системы образования, науки и бизнеса: экономические, правовые и социальные аспекты
_eматериалы II Международной научно-практической конференции, [состоявшейся 23-24 октября 2014 г. в Воронежском экономико-правовом институте
_fпод ред. С.Л. Иголкина]
210 _aВоронеж
_cВоронежский ЦНТИ - филиал ФГБУ "РЭА" Минэнерго России
_d2014
215 _d20
300 _aВ надзаг.: Автоном. некоммерч. образоват. орг. высш. проф. образования Воронеж. экономико-правовой ин-т
606 _aОбразование
_jСъезды, совещания и т.п
_xИнтеграция
_92314026
_3RU\NLR\AUTH\661384755
686 1 _aЧ34(0)я431
702 1 _4340
_aИголкин
_bС. Л.
_f1963-
_gСергей Леонидович
_9155793
_3RU\NLR\AUTH\770155832
711 1 2 _a"Актуальные проблемы развития вертикальной интеграции системы образования, науки и бизнеса: экономические, правовые и социальные аспекты", международная научно-практическая конференция
_d2
_eВоронеж
_f2014
_9497718
_3RU\NLR\AUTH\880416303
852 _aNLR
_j2015-3/40220
942 _cBOOK